Código de Procedimiento Civil. Anotaciones, Títulos de Artículos, Concordancias e Índice Temático.

Uloženo v:
Podrobná bibliografie
Korporativní autor: Chile
Další autoři: Hernández de Lamotte, Diego, Fuchs Nissim, Andrés
Médium: Kniha
Jazyk:španělština
Vydáno: Santiago, Chile: Legal Publishing; Thomson Reuters, 2015
Vydání:Decimoquinta Edición.
Edice:La Ley. Colección 2015
Témata:
Tagy: Přidat tag
Žádné tagy, Buďte první, kdo vytvoří štítek k tomuto záznamu!

MARC

LEADER 00000cam a2200000 a 4500
001 UCE8825
003 CL-VaPUC
005 20250416110212.0
008 150904e20150000cl |||||||||||||||||spa|d
999 |c 360594  |d 360592 
020 |a 9789563466355 
040 |c Pontificia Universidad Católica de Valparaíso 
082 0 4 |a 347.83 CHI 2015  |2 21 
110 1 |a Chile  |9 890760 
245 1 0 |a Código de Procedimiento Civil.  |b Anotaciones, Títulos de Artículos, Concordancias e Índice Temático. 
250 |a Decimoquinta Edición.  |b Actualizada al 05 de enero de 2015. 
260 |a Santiago, Chile:  |b Legal Publishing;  |b Thomson Reuters,  |c 2015 
300 |a 352 páginas 
490 0 |a La Ley. Colección 2015 
505 |a Mensaje del Código de Procedimiento Civil. Mensaje sobre modificaciones a este Código. Decreto N.º 1.107, del Ministerio de Justicia, que aprueba el texto del Código. Ley N.º 1.552. Aprueba Código de Procedimiento Civil. -Libro Primero. Disposiciones Comunes a Todo Procedimiento. -Libro Segundo. Del Juicio Ordinario. -Libro Tercero. De los Juicios Especiales. -Libro Cuarto. De los Actos Judiciales No Contenciosos. Apéndice: -Ley N.º 18.120. Establece normas sobre Comparecencia en Juicio y modifica los artículos 4° del Código de Procedimiento Civil y 523 del Código Orgánico de Tribunales. (D.O. de 18 de mayo de 1982) -Ley N.º 14.908. Sobre Abandono de Familia y Pago de Pensiones Alimenticias. (D.O. de 30 de mayo de 2000) -Ley N.º 16.271. Ley de Impuesto a las Herencias, Asignaciones y Donaciones. (D.O. de 30 de mayo de 2000) -Ley N.º 20.066. Establece Ley de Violencia Intrafamiliar. (D.O. de 7 de octubre de 2005) 
583 |a last modification  |c 20160712 11:05:28  |k Rodrigo Vera 
650 1 |a Derecho civil chileno   |9 320612 
650 1 |a Procedimiento civil   |z Chile   |9 890903 
650 1 0 |a Código civil chileno  |9 255931 
650 1 |a Juicio ordinario  |9 254867 
650 1 |a Juicios especiales   |9 348378 
650 1 |a Actos judiciales no contenciosos  |9 391844 
700 |a Hernández de Lamotte, Diego  |9 861333 
700 |a Fuchs Nissim, Andrés  |9 814260 
942 |c BK  |2 ddc 
945 |d 20150904 11:50:00  |a gsalatino 
952 |0 0  |1 0  |3 erb  |4 0  |6 347_830000000000000_CHI_2015  |7 0  |8 R  |9 470463  |a BIBDER  |b BIBDER  |i 5195608  |o 347.83 CHI 2015  |p 5195608  |r 2023-01-25  |w 2019-11-23  |y BK_R  |z Catalogado en:20150904  |k DER